[Event "Vrnjacka Banja Gligoric Cup 6th"]
[Site "Vrnjacka Banja"]
[Date "2019.05.25"]
[Round "4.1"]
[White "Tadic, Stefan"]
[Black "Mitrovic, Marjan"]
[Result "1-0"]
[WhiteElo "2235"]
[BlackElo "2124"]
[PlyCount "78"]
[EventDate "2019.05.23"]
[EventType "team-swiss"]
[EventRounds "5"]
[EventCountry "SRB"]
[SourceTitle "CBM 190 Extra"]
[Source "ChessBase"]
[SourceDate "2019.07.15"]
[SourceVersion "1"]
[SourceVersionDate "2019.07.15"]
[SourceQuality "1"]
[WhiteTeam "Belgrade Tadic"]
[BlackTeam "Medveda Jablanica"]
[WhiteTeamCountry "SRB"]
[BlackTeamCountry "SRB"]

1. e4 c5 2. Nc3 Nc6 3. Bb5 g6 4. Bxc6 dxc6 5. d3 Bg7 6. Be3 b6 7. Qd2 Nf6 8. 0-0-0 Ng4 9. Bg5 Be6 10. h3 Nf6 11. Nge2 b5 12. Nf4 b4 13. Nxe6 fxe6 14. Ne2 Qa5 15. Kb1 Rb8 16. Bh6 Bxh6 17. Qxh6 Rb6 18. Nc1 Qb5 19. Rhe1 a5 20. f4 Rg8 21. g4 a4 22. g5 Nh5 23. Qxh7 Rg7 24. Qh8+ Kd7 25. f5 Rb8 26. Qh6 Rgg8 27. Ne2 b3 28. cxb3 axb3 29. a3 Kc7 30. Rf1 Rbd8 31. Nc3 Qa6 32. f6 Rdf8 33. Qh7 Rg7 34. fxg7 Rxf1 35. Rxf1 Qxd3+ 36. Ka1 Qxf1+ 37. Nb1 Nxg7 38. Qxg7 Kd6 39. Qxg6 Qxh3 1-0

[Event "Paracin Winter op"]
[Site "Paracin"]
[Date "2019.02.04"]
[Round "7"]
[White "Mitrovic, Marjan"]
[Black "Radosavljevic, Slobodan D"]
[Result "1-0"]
[WhiteElo "2112"]
[BlackElo "2260"]
[PlyCount "57"]
[EventDate "2019.01.31"]
[EventType "swiss"]
[EventRounds "9"]
[EventCountry "SRB"]
[SourceTitle "CBM 188 Extra"]
[Source "ChessBase"]
[SourceDate "2019.02.26"]
[SourceVersion "1"]
[SourceVersionDate "2019.02.26"]
[SourceQuality "1"]

1. e4 e5 2. Nf3 d6 3. d4 exd4 4. Nxd4 g6 5. Nc3 Bg7 6. Be3 Nf6 7. Qd2 0-0 8. 0-0-0 Nc6 9. f3 Nxd4 10. Bxd4 Be6 11. g4 c5 12. Be3 Qa5 13. Bh6 b5 14. Bxg7 Kxg7 15. Nxb5 Qxa2 16. Qc3 h6 17. h4 Rh8 18. Rg1 a6 19. Nc7 Rab8 20. g5 hxg5 21. hxg5 Qa1+ 22. Kd2 Rh2+ 23. Rg2 Rxg2+ 24. Bxg2 Qxb2 25. gxf6+ Kf8 26. Qxb2 Rxb2 27. Kc3 Rb6 28. e5 dxe5 29. Rd8# 1-0

[Event "Paracin Winter op"]
[Site "Paracin"]
[Date "2019.02.02"]
[Round "3"]
[White "Mohamed, Saeed Laily"]
[Black "Mitrovic, Marjan"]
[Result "0-1"]
[WhiteElo "1864"]
[BlackElo "2112"]
[PlyCount "34"]
[EventDate "2019.01.31"]
[EventType "swiss"]
[EventRounds "9"]
[EventCountry "SRB"]
[SourceTitle "CBM 188 Extra"]
[Source "ChessBase"]
[SourceDate "2019.02.26"]
[SourceVersion "1"]
[SourceVersionDate "2019.02.26"]
[SourceQuality "1"]

1. d4 Nf6 2. Bg5 c5 3. e3 Qb6 4. b3 Ne4 5. Nf3 Qa5+ 6. Nbd2 Nxg5 7. Nxg5 cxd4 8. Ngf3 dxe3 9. fxe3 g6 10. a3 d5 11. Bd3 Bg7 12. Ra2 0-0 13. 0-0 Nc6 14. Qe2 Nb4 15. Raa1 Nxd3 16. Qxd3 Bxa1 17. Rxa1 Bf5 0-1

[Event "Serbia Central Cup"]
[Site "Kragujevac"]
[Date "2018.05.01"]
[Round "4"]
[White "Petrovic, Milovan"]
[Black "Mitrovic, Marjan"]
[Result "1-0"]
[WhiteElo "2085"]
[BlackElo "2110"]
[PlyCount "77"]
[EventDate "2018.04.29"]
[EventType "swiss"]
[EventRounds "6"]
[EventCountry "SRB"]
[SourceTitle "CBM 184 Extra"]
[Source "ChessBase"]
[SourceDate "2018.06.28"]
[SourceVersion "1"]
[SourceVersionDate "2018.06.28"]
[SourceQuality "1"]

1. d4 Nf6 2. c4 g6 3. Nc3 d5 4. Bg5 Ne4 5. Nxe4 dxe4 6. f3 Bg7 7. Be3 f5 8. Rb1 0-0 9. g3 c5 10. dxc5 Qa5+ 11. b4 Qxa2 12. Qb3 Qxb3 13. Rxb3 Be6 14. Bg2 Bxc4 15. Rb1 Bd5 16. fxe4 fxe4 17. Nh3 Bc3+ 18. Kd1 Ba2 19. Kc2 Bxb1+ 20. Kxc3 Ba2 21. Bxe4 Nc6 22. b5 Nd8 23. Rd1 a6 24. b6 Nc6 25. Rd2 Be6 26. Nf4 Bf5 27. Bd5+ Kg7 28. Ne6+ Bxe6 29. Bxe6 Rfd8 30. Bd7 Nb8 31. Bd4+ Kf7 32. Ba4 e6 33. e4 h6 34. Rf2+ Kg8 35. Rf6 Nc6 36. Bxc6 bxc6 37. Rxg6+ Kf7 38. Rf6+ Ke7 39. Rxh6 1-0

[Event "SRB-chT3 South"]
[Site "Serbia"]
[Date "2017.10.13"]
[Round "7.2"]
[White "Mitrovic, Marjan"]
[Black "Mitrovic, Darko R"]
[Result "1/2-1/2"]
[WhiteElo "2114"]
[BlackElo "2189"]
[PlyCount "91"]
[EventDate "2017.09.03"]
[EventType "team-tourn"]
[EventRounds "11"]
[EventCountry "SRB"]
[SourceTitle "EXT 2022"]
[Source "ChessBase"]
[SourceDate "2021.10.06"]
[SourceVersion "1"]
[SourceVersionDate "2021.10.06"]
[SourceQuality "1"]

1. c4 Nf6 2. Nf3 e6 3. g3 b6 4. Bg2 Bb7 5. 0-0 c5 6. Nc3 Be7 7. d4 cxd4 8. Nxd4 Bxg2 9. Kxg2 0-0 10. e4 Nc6 11. Be3 Rc8 12. Nxc6 Rxc6 13. e5 Ne8 14. Qd3 d6 15. Rfd1 Qa8 16. exd6 Nxd6 17. c5 bxc5 18. Kg1 Nf5 19. Rac1 c4 20. Qe4 Nxe3 21. fxe3 Rfc8 22. Rd7 Bf6 23. Rf1 Bxc3 24. Rfxf7 Rd6 25. Qxa8 Rxa8 26. bxc3 Rxd7 27. Rxd7 a5 28. Rc7 Rb8 29. a4 Rb2 30. Rxc4 Ra2 31. h3 Kf7 32. Rf4+ Ke7 33. h4 h6 34. h5 Re2 35. e4 Re3 36. Rg4 Kf6 37. c4 e5 38. Kf2 Ra3 39. Rg6+ Kf7 40. Rc6 Rxa4 41. Kf3 Ra3+ 42. Kg4 Re3 43. Rc7+ Kf6 44. Rc6+ Kf7 45. Rc7+ Kf6 46. Rc6+ 1/2-1/2

[Event "SRB-chT3 South"]
[Site "Serbia"]
[Date "2017.10.12"]
[Round "6.2"]
[White "Stojanovic, Zlatko"]
[Black "Mitrovic, Marjan"]
[Result "0-1"]
[WhiteElo "2191"]
[BlackElo "2114"]
[PlyCount "82"]
[EventDate "2017.09.03"]
[EventType "team-tourn"]
[EventRounds "11"]
[EventCountry "SRB"]
[SourceTitle "EXT 2022"]
[Source "ChessBase"]
[SourceDate "2021.10.06"]
[SourceVersion "1"]
[SourceVersionDate "2021.10.06"]
[SourceQuality "1"]

1. e4 c5 2. Nf3 d6 3. d4 cxd4 4. Nxd4 Nf6 5. Nc3 g6 6. Be3 Bg7 7. f3 a6 8. Qd2 b5 9. a4 b4 10. Na2 a5 11. Bb5+ Bd7 12. c3 bxc3 13. Nxc3 0-0 14. 0-0 Bxb5 15. axb5 Nfd7 16. Ra3 Nb6 17. b3 d5 18. exd5 Nxd5 19. Nc6 Bxc3 20. Qxd5 Nxc6 21. Qxc6 Bb4 22. Raa1 Qd3 23. Qe4 Qxb5 24. Rac1 Rac8 25. Bd4 Rfd8 26. Rxc8 Rxc8 27. Qe5 Qxe5 28. Bxe5 Rc2 29. Bd4 f6 30. Rd1 Kf7 31. f4 h5 32. Bb6 Rc6 33. Bf2 Rc3 34. Rb1 Rd3 35. Bb6 Ke6 36. Ra1 Rd6 37. Bf2 Kf5 38. g3 h4 39. gxh4 Kg4 40. Rc1 Rd3 41. Bc5 Rxb3 0-1

[Event "Niska Banja op"]
[Site "Niska Banja"]
[Date "2017.04.01"]
[Round "4"]
[White "Mitrovic, Marjan"]
[Black "Kostic, Milutin B"]
[Result "0-1"]
[WhiteElo "2125"]
[BlackElo "2258"]
[PlyCount "87"]
[EventDate "2017.03.30"]
[EventType "swiss"]
[EventRounds "5"]
[EventCountry "SRB"]
[SourceTitle "CBM 177 Extra"]
[Source "ChessBase"]
[SourceDate "2017.04.27"]
[SourceVersion "1"]
[SourceVersionDate "2017.04.27"]
[SourceQuality "1"]

1. Nf3 Nf6 2. g3 g6 3. Bg2 Bg7 4. 0-0 0-0 5. c4 c6 6. d4 d5 7. Ne5 dxc4 8. Nxc4 Be6 9. Qd3 Nbd7 10. Rd1 Nb6 11. b3 Bxc4 12. bxc4 e5 13. e3 Qc7 14. Bb2 Rad8 15. Qc2 Ng4 16. Na3 exd4 17. exd4 Rfe8 18. c5 Nd5 19. Nc4 Re7 20. Nd6 Ngf6 21. Bc1 h6 22. a4 b6 23. Ba3 bxc5 24. dxc5 Rb8 25. Rab1 Rxb1 26. Rxb1 Qa5 27. Nc4 Qd8 28. Nd6 Kh7 29. h3 Qa5 30. Kh2 Qa6 31. Bf1 Qa5 32. Bd3 Qc3 33. Qxc3 Nxc3 34. Rb4 Nfd5 35. Rc4 f5 36. Bb2 Re1 37. Bxc3 Bxc3 38. Nc8 a5 39. Kg2 Rd1 40. Bf1 Rd2 41. Kf3 Bd4 42. Be2 Nc3 43. Rxc3 Bxc3 44. Na7 0-1

[Event "Niska Banja op"]
[Site "Niska Banja"]
[Date "2017.03.31"]
[Round "2"]
[White "Mitrovic, Marjan"]
[Black "Ilic, Petar"]
[Result "1-0"]
[WhiteElo "2125"]
[BlackElo "1405"]
[PlyCount "115"]
[EventDate "2017.03.30"]
[EventType "swiss"]
[EventRounds "5"]
[EventCountry "SRB"]
[SourceTitle "CBM 177 Extra"]
[Source "ChessBase"]
[SourceDate "2017.04.27"]
[SourceVersion "1"]
[SourceVersionDate "2017.04.27"]
[SourceQuality "1"]

1. d4 Nf6 2. Nf3 g6 3. g3 Bg7 4. Bg2 0-0 5. 0-0 d6 6. b3 Nc6 7. Bb2 Bg4 8. d5 Nb4 9. c4 a5 10. h3 Bd7 11. Nd4 Na6 12. Nd2 Qc8 13. Kh2 c5 14. dxc6 bxc6 15. Bc3 Qc7 16. Qc2 e5 17. N4f3 Bf5 18. e4 Be6 19. Rfd1 h6 20. Nf1 Rfd8 21. Ne1 d5 22. exd5 cxd5 23. cxd5 Nxd5 24. Bb2 Qxc2 25. Nxc2 Rac8 26. Nfe3 Nab4 27. Nxb4 Nxb4 28. Rxd8+ Rxd8 29. Bc3 f5 30. a3 Nd3 31. Bxa5 Rd7 32. b4 Nxf2 33. b5 e4 34. Rc1 Rd3 35. b6 Rxe3 36. b7 Be5 37. Bc7 Bxc7 38. Rxc7 Rb3 39. Rc8+ Kf7 40. b8Q Rxb8 41. Rxb8 Bc4 42. Kg1 e3 43. Bf1 e2 44. Bxe2 Nxh3+ 45. Kh2 Bxe2 46. Kxh3 Kf6 47. a4 Kg5 48. Rb4 h5 49. a5 Bf1+ 50. Kh2 Be2 51. Rb6 h4 52. gxh4+ Kh5 53. Kg3 Bd3 54. a6 f4+ 55. Kxf4 Kxh4 56. a7 g5+ 57. Ke3 Bf1 58. a8Q 1-0

[Event "Niska Banja op"]
[Site "Niska Banja"]
[Date "2017.03.30"]
[Round "1"]
[White "Teodorescu, Dan"]
[Black "Mitrovic, Marjan"]
[Result "0-1"]
[WhiteElo "1582"]
[BlackElo "2125"]
[PlyCount "62"]
[EventDate "2017.03.30"]
[EventType "swiss"]
[EventRounds "5"]
[EventCountry "SRB"]
[SourceTitle "CBM 177 Extra"]
[Source "ChessBase"]
[SourceDate "2017.04.27"]
[SourceVersion "1"]
[SourceVersionDate "2017.04.27"]
[SourceQuality "1"]

1. d4 Nf6 2. Bg5 Ne4 3. Bh4 d5 4. Nd2 g6 5. f3 Nxd2 6. Qxd2 Bg7 7. 0-0-0 0-0 8. Bg5 Re8 9. e4 dxe4 10. fxe4 c6 11. Be2 Be6 12. h4 Qb6 13. h5 c5 14. hxg6 fxg6 15. Nf3 Nc6 16. Bh6 Bh8 17. Be3 Red8 18. Rxh7 Kxh7 19. Ng5+ Kg8 20. Nxe6 Nxd4 21. Nxd4 Bxd4 22. Bc4+ Kg7 23. Bh6+ Kh7 24. c3 Bxc3 25. Qxc3 Rxd1+ 26. Kxd1 Kxh6 27. Qh3+ Kg7 28. Qc3+ Qf6 29. e5 Rd8+ 30. Kc1 Qf4+ 31. Kc2 Qd4 0-1

[Event "Veliko Gradiste Silver Lake op"]
[Site "Veliko Gradiste"]
[Date "2016.06.26"]
[Round "9"]
[White "Jevtic, Miroljub L"]
[Black "Mitrovic, Marjan"]
[Result "1/2-1/2"]
[WhiteElo "2039"]
[BlackElo "2139"]
[PlyCount "84"]
[EventDate "2016.06.19"]
[EventType "swiss"]
[EventRounds "9"]
[EventCountry "SRB"]
[SourceTitle "EXT 2017"]
[Source "ChessBase"]
[SourceDate "2016.10.25"]
[SourceVersion "1"]
[SourceVersionDate "2016.10.25"]
[SourceQuality "1"]

1. d4 Nf6 2. Nf3 g6 3. h3 Bg7 4. Bf4 c5 5. e3 Qb6 6. Nc3 cxd4 7. exd4 0-0 8. Qd2 Qxb2 9. Rb1 Qa3 10. Bc7 e6 11. Nb5 Qxa2 12. Qc1 Bh6 13. Ra1 Bxc1 14. Rxa2 Na6 15. Bd6 Re8 16. Be5 Nd5 17. c4 Ndb4 18. Ra4 d5 19. Bd6 Nc6 20. c5 Ncb4 21. Ne5 f6 22. Ng4 Kg7 23. Be2 Bd7 24. 0-0 Bg5 25. f4 Bh4 26. Rb1 h5 27. Nh2 Nc6 28. Ra3 f5 29. Nf3 Bf6 30. Ne5 Bxe5 31. fxe5 Nab4 32. Nc7 a5 33. Nxe8+ Bxe8 34. Bb5 Nc2 35. Ra4 Rc8 36. Bxc6 Bxc6 37. Rxa5 Nxd4 38. Kf2 f4 39. Be7 Nf5 40. Bf6+ Kf7 41. Kf3 d4+ 42. Kxf4 Bxg2 1/2-1/2

[Event "Veliko Gradiste Silver Lake op"]
[Site "Veliko Gradiste"]
[Date "2016.06.25"]
[Round "8"]
[White "Mitrovic, Marjan"]
[Black "Milovic, Jovan"]
[Result "0-1"]
[WhiteElo "2139"]
[BlackElo "2347"]
[PlyCount "80"]
[EventDate "2016.06.19"]
[EventType "swiss"]
[EventRounds "9"]
[EventCountry "SRB"]
[SourceTitle "EXT 2017"]
[Source "ChessBase"]
[SourceDate "2016.10.25"]
[SourceVersion "1"]
[SourceVersionDate "2016.10.25"]
[SourceQuality "1"]

1. c4 Nc6 2. Nc3 g6 3. d4 Bg7 4. d5 Na5 5. e4 c5 6. Be3 d6 7. Qd2 a6 8. Bd3 b5 9. cxb5 Nf6 10. Bh6 Bxh6 11. Qxh6 c4 12. Bc2 axb5 13. Nxb5 Nb3 14. Rb1 Rxa2 15. Ne2 Qa5+ 16. Nbc3 Bg4 17. f3 Bd7 18. 0-0 Ra1 19. Bxb3 Rxb1 20. Rxb1 cxb3 21. Kh1 Rg8 22. Qc1 Kf8 23. Ra1 Qc5 24. Qh6+ Rg7 25. Qd2 g5 26. Ra8+ Ne8 27. Qd4 e5 28. dxe6 fxe6 29. Rb8 Qc6 30. Qf6+ Kg8 31. Qd4 Qa6 32. h3 h5 33. Ng3 e5 34. Qd5+ Kh7 35. Ra8 Qb6 36. Ra3 Qf2 37. Nxh5 Bxh3 38. gxh3 Qxf3+ 39. Kh2 g4 40. Ra1 g3+ 0-1

[Event "Veliko Gradiste Silver Lake op"]
[Site "Veliko Gradiste"]
[Date "2016.06.23"]
[Round "6"]
[White "Dodic, Dragan"]
[Black "Mitrovic, Marjan"]
[Result "0-1"]
[WhiteElo "2033"]
[BlackElo "2139"]
[PlyCount "118"]
[EventDate "2016.06.19"]
[EventType "swiss"]
[EventRounds "9"]
[EventCountry "SRB"]
[SourceTitle "EXT 2017"]
[Source "ChessBase"]
[SourceDate "2016.10.25"]
[SourceVersion "1"]
[SourceVersionDate "2016.10.25"]
[SourceQuality "1"]

1. d4 Nf6 2. c4 g6 3. Nc3 d5 4. Nf3 Bg7 5. h4 c6 6. cxd5 cxd5 7. Bf4 0-0 8. e3 Qb6 9. Qb3 Qxb3 10. axb3 Nc6 11. Ne5 Nb4 12. Kd2 Nd7 13. Nf3 Nf6 14. Ne5 Nh5 15. Bh2 Bf6 16. Be2 Ng7 17. h5 Nxh5 18. Bxh5 gxh5 19. Bf4 h4 20. g3 hxg3 21. Rag1 Bf5 22. Rxg3+ Kh8 23. Rhg1 Bxe5 24. dxe5 Rg8 25. Bg5 Nc6 26. f4 Rg6 27. Nb5 Rc8 28. Bh4 a6 29. Rxg6 fxg6 30. Nc3 e6 31. Ne2 Nb4 32. Nd4 Kg8 33. Bf6 Kf7 34. Bh4 Be4 35. Ra1 Nd3 36. Ra4 Nxb2 37. Ra1 Nd3 38. Bg5 Nb4 39. Bh4 h6 40. Rg1 Na2 41. Ra1 Nb4 42. Rg1 Rc5 43. Ra1 Nc6 44. Ra2 Nxd4 45. exd4 Rc8 46. Rb2 Rg8 47. Bf6 Rc8 48. Ra2 Ke8 49. Bg7 Kd7 50. Rb2 h5 51. Bf6 Kc6 52. Be7 Kb5 53. Ra2 b6 54. Rb2 Rc7 55. Bd6 Rc2+ 56. Rxc2 Bxc2 57. Kxc2 h4 58. f5 gxf5 59. Be7 h3 0-1

[Event "Veliko Gradiste Silver Lake op"]
[Site "Veliko Gradiste"]
[Date "2016.06.20"]
[Round "2"]
[White "Mitrovic, Marjan"]
[Black "Kontic, Djordjije"]
[Result "0-1"]
[WhiteElo "2139"]
[BlackElo "2312"]
[PlyCount "58"]
[EventDate "2016.06.19"]
[EventType "swiss"]
[EventRounds "9"]
[EventCountry "SRB"]
[SourceTitle "EXT 2017"]
[Source "ChessBase"]
[SourceDate "2016.10.25"]
[SourceVersion "1"]
[SourceVersionDate "2016.10.25"]
[SourceQuality "1"]

1. Nf3 f5 2. c4 Nf6 3. g3 Nc6 4. d4 d6 5. d5 Ne5 6. Bg2 g6 7. Nd4 Bg7 8. f4 Neg4 9. h3 Nh6 10. 0-0 Ne4 11. Kh2 c5 12. dxc6 Qb6 13. cxb7 Bxb7 14. Bxe4 fxe4 15. Ne6 Bf6 16. Nc3 Qc6 17. Nd5 Kd7 18. Ng5 Qxc4 19. Ne3 Qb5 20. a4 Qb6 21. Nc4 Qc5 22. Qb3 Bd5 23. Be3 Qxc4 24. Qd1 Nf5 25. Bg1 Bxb2 26. Rb1 Rab8 27. Bxa7 Rb7 28. Qd2 e6 29. Qd1 Ra8 0-1

[Event "SRB-chT Cup"]
[Site "Kragujevac"]
[Date "2016.04.21"]
[Round "2.6"]
[White "Simonovic, Milomir"]
[Black "Mitrovic, Marjan"]
[Result "0-1"]
[WhiteElo "1931"]
[BlackElo "2143"]
[PlyCount "118"]
[EventDate "2016.04.20"]
[EventType "team-swiss"]
[EventRounds "7"]
[EventCountry "SRB"]
[SourceTitle "CBM 172 Extra"]
[Source "ChessBase"]
[SourceDate "2016.06.21"]
[SourceVersion "1"]
[SourceVersionDate "2016.06.21"]
[SourceQuality "1"]
[WhiteTeam "Kragujevac Marsic"]
[BlackTeam "Gornja Jablanica Medvedja"]
[WhiteTeamCountry "SRB"]
[BlackTeamCountry "SRB"]

1. d4 Nf6 2. c4 g6 3. Nc3 d5 4. cxd5 Nxd5 5. e4 Nxc3 6. bxc3 Bg7 7. Nf3 0-0 8. h3 c5 9. e5 Nc6 10. Bb2 Qa5 11. Qd2 Rd8 12. Bc4 cxd4 13. 0-0 Nxe5 14. Nxe5 Bxe5 15. Rfd1 Qc5 16. Bb3 d3 17. Qe3 Qxe3 18. fxe3 Be6 19. Rd2 Rac8 20. Rc1 b5 21. Bxe6 fxe6 22. a3 a5 23. Kf2 b4 24. axb4 axb4 25. c4 Bxb2 26. Rxb2 d2 27. Rd1 Rxc4 28. Ke2 Rd6 29. Rdxd2 Kf7 30. Rd3 Rdc6 31. Rdb3 Rc2+ 32. Kf3 Rxb2 33. Rxb2 Rb6 34. Rb3 e5 35. e4 Ke6 36. Ke3 Kd6 37. Kd3 Kc5 38. Rb1 Rd6+ 39. Ke3 Kb5 40. g4 g5 41. Rb2 Ra6 42. Rd2 Ra3+ 43. Ke2 b3 44. Rd7 Kc4 45. Kd2 Ra2+ 46. Kc1 Kc3 47. Kb1 Rh2 48. Rc7+ Kd4 49. Rxe7 Rxh3 50. Kb2 Kxe4 51. Rf7 h6 52. Rf6 Rf3 53. Rxh6 Kf4 54. Re6 Re3 55. Rg6 Kxg4 56. Rg7 Kf4 57. Rg6 g4 58. Rg7 g3 59. Rf7+ Ke4 0-1

[Event "SRB-ch sf"]
[Site "Belgrade"]
[Date "2016.03.27"]
[Round "7"]
[White "Cvetkovic, Srdjan"]
[Black "Mitrovic, Marjan"]
[Result "1-0"]
[WhiteElo "2302"]
[BlackElo "2112"]
[PlyCount "47"]
[EventDate "2016.03.21"]
[EventType "swiss"]
[EventRounds "9"]
[EventCountry "SRB"]
[SourceTitle "CBM 171 Extra"]
[Source "ChessBase"]
[SourceDate "2016.04.26"]
[SourceVersion "1"]
[SourceVersionDate "2016.04.26"]
[SourceQuality "1"]

1. c4 Nf6 2. b3 e5 3. Bb2 Nc6 4. Nc3 d5 5. cxd5 Nxd5 6. g3 Be6 7. Bg2 Qd7 8. Nf3 f6 9. 0-0 0-0-0 10. Rc1 g5 11. Ne4 h5 12. Nxf6 Nxf6 13. Nxe5 Nxe5 14. Bxe5 Bd6 15. Bxf6 h4 16. Qc2 Bh3 17. Qe4 Bxg2 18. Qxg2 hxg3 19. hxg3 Ba3 20. Rc4 Qxd2 21. Bxh8 Rxh8 22. Qe4 Bd6 23. Qd4 Qxd4 24. Rxd4 1-0

[Event "SRB-ch sf"]
[Site "Belgrade"]
[Date "2016.03.25"]
[Round "5"]
[White "Mitrovic, Marjan"]
[Black "Abramovic, Bosko"]
[Result "0-1"]
[WhiteElo "2112"]
[BlackElo "2404"]
[PlyCount "92"]
[EventDate "2016.03.21"]
[EventType "swiss"]
[EventRounds "9"]
[EventCountry "SRB"]
[SourceTitle "CBM 171 Extra"]
[Source "ChessBase"]
[SourceDate "2016.04.26"]
[SourceVersion "1"]
[SourceVersionDate "2016.04.26"]
[SourceQuality "1"]

1. Nf3 c5 2. g3 g6 3. d4 cxd4 4. Nxd4 Bg7 5. Bg2 Nc6 6. Nxc6 bxc6 7. 0-0 Nf6 8. c4 0-0 9. Nc3 Rb8 10. Qc2 c5 11. Bf4 d6 12. Rac1 Bb7 13. e4 Nd7 14. h3 Ne5 15. Bxe5 Bxe5 16. f4 Bg7 17. Kh2 Bc6 18. b3 a6 19. h4 e6 20. Rcd1 Qe7 21. Rd2 Rbd8 22. Re2 Bb7 23. Nd1 Rd7 24. Ne3 f5 25. exf5 gxf5 26. Bxb7 Rxb7 27. Rfe1 Qd7 28. Qd3 Rbb8 29. Nc2 Rfe8 30. Qf3 Rbd8 31. Ne3 Rf8 32. Rd1 Kh8 33. Red2 Qc7 34. Rg2 Bd4 35. Re2 Qg7 36. Rde1 e5 37. Nd5 a5 38. Rg2 a4 39. Rb1 axb3 40. Rxb3 Ra8 41. Rb6 Qh6 42. fxe5 Bxe5 43. Nf4 Ra4 44. Rc2 Rg8 45. Kh3 Ra7 46. Re2 Rag7 0-1

[Event "SRB-ch sf"]
[Site "Belgrade"]
[Date "2016.03.23"]
[Round "3"]
[White "Mitrovic, Marjan"]
[Black "Chelushkina, Irina"]
[Result "1-0"]
[WhiteElo "2112"]
[BlackElo "2286"]
[PlyCount "91"]
[EventDate "2016.03.21"]
[EventType "swiss"]
[EventRounds "9"]
[EventCountry "SRB"]
[SourceTitle "CBM 171 Extra"]
[Source "ChessBase"]
[SourceDate "2016.04.26"]
[SourceVersion "1"]
[SourceVersionDate "2016.04.26"]
[SourceQuality "1"]

1. Nf3 c5 2. g3 Nc6 3. d4 cxd4 4. Nxd4 d5 5. Bg2 e6 6. 0-0 Bc5 7. Nxc6 bxc6 8. c4 Ne7 9. Qc2 Bd6 10. Rd1 0-0 11. e4 Ba6 12. b3 Be5 13. Bb2 Bxb2 14. Qxb2 Bb7 15. cxd5 cxd5 16. exd5 Nxd5 17. Nc3 Qf6 18. Na4 Qxb2 19. Nxb2 Rab8 20. Nc4 g6 21. Ne5 Rfd8 22. Rac1 Rbc8 23. h4 h5 24. Bf3 Kg7 25. Kg2 Kf6 26. Nc4 Ba8 27. Kh2 Rc5 28. Nd6 Rxc1 29. Ne4+ Kg7 30. Rxc1 Nf6 31. Ng5 Ng4+ 32. Kg2 Bxf3+ 33. Nxf3 Rd5 34. Rc7 a5 35. Ng5 Rd2 36. Rxf7+ Kg8 37. Rf3 e5 38. Ne4 Rxa2 39. Nf6+ Kg7 40. Nxg4 hxg4 41. Rc3 Kf6 42. Kf1 Rb2 43. Rc5 Rxb3 44. Rxa5 Rb1+ 45. Ke2 Kf5 46. Ke3 1-0

[Event "SRB-ch sf"]
[Site "Belgrade"]
[Date "2016.03.21"]
[Round "1"]
[White "Mitrovic, Marjan"]
[Black "Ostojic, Nikola"]
[Result "0-1"]
[WhiteElo "2112"]
[BlackElo "2433"]
[PlyCount "78"]
[EventDate "2016.03.21"]
[EventType "swiss"]
[EventRounds "9"]
[EventCountry "SRB"]
[SourceTitle "CBM 171 Extra"]
[Source "ChessBase"]
[SourceDate "2016.04.26"]
[SourceVersion "1"]
[SourceVersionDate "2016.04.26"]
[SourceQuality "1"]

1. Nf3 c5 2. g3 Nc6 3. d4 cxd4 4. Nxd4 g6 5. Bg2 Bg7 6. c3 Nf6 7. 0-0 0-0 8. e4 Qc7 9. Qe2 d6 10. h3 a6 11. Bg5 Bd7 12. Nd2 Nxd4 13. cxd4 Bb5 14. Qf3 Bxf1 15. Nxf1 h6 16. Bd2 Rac8 17. Re1 e6 18. Bb4 Rfd8 19. Nd2 a5 20. Bc3 b5 21. a3 Rb8 22. Nb3 b4 23. axb4 axb4 24. Bd2 Qc2 25. Bc1 d5 26. exd5 Nxd5 27. Bf1 Ne7 28. Nc5 Rxd4 29. Na6 Rbd8 30. Be3 Rd1 31. Nxb4 Qb3 32. Rxd1 Rxd1 33. Kg2 Rxf1 34. Kxf1 Qxb4 35. Qa8+ Kh7 36. Qe8 Nd5 37. Qxf7 Nxe3+ 38. fxe3 Qxb2 39. Qa7 Qa1+ 0-1

[Event "Stari Banovci Vidovdan op"]
[Site "Stari Banovci"]
[Date "2015.06.23"]
[Round "6"]
[White "Brankovic, Vladislav"]
[Black "Mitrovic, Marjan"]
[Result "1/2-1/2"]
[WhiteElo "2176"]
[BlackElo "2118"]
[PlyCount "68"]
[EventDate "2015.06.20"]
[EventType "swiss"]
[EventRounds "9"]
[EventCountry "SRB"]
[SourceTitle "EXT 2019"]
[Source "ChessBase"]
[SourceDate "2018.10.10"]
[SourceVersion "1"]
[SourceVersionDate "2018.10.10"]
[SourceQuality "1"]

1. e4 c5 2. Nf3 Nc6 3. d4 cxd4 4. Nxd4 Nf6 5. Nc3 g6 6. Be3 d6 7. f3 Bg7 8. Qd2 Bd7 9. g4 Rc8 10. h4 h5 11. g5 Nh7 12. Nxc6 bxc6 13. Bd4 Bxd4 14. Qxd4 0-0 15. Bc4 Qb6 16. 0-0-0 Be6 17. Bxe6 fxe6 18. Qd3 Kg7 19. Rdf1 Rb8 20. b3 e5 21. Ne2 c5 22. c4 a5 23. Qc3 a4 24. Kc2 Ra8 25. Ra1 Qc6 26. Qd3 Rf7 27. Nc3 Nf8 28. Qd5 Qxd5 29. exd5 axb3+ 30. axb3 Rxa1 31. Rxa1 Rxf3 32. Ra7 Rf2+ 33. Kd3 Rf3+ 34. Kc2 Rf2+ 1/2-1/2

[Event "SRB-CupT Central Serbia"]
[Site "Serbia"]
[Date "2014.05.04"]
[Round "8.8"]
[White "Stefanovic, Vladimir"]
[Black "Mitrovic, Marjan"]
[Result "1-0"]
[WhiteElo "2201"]
[BlackElo "2111"]
[PlyCount "95"]
[EventDate "2014.03.23"]
[EventType "team"]
[EventRounds "8"]
[EventCountry "SRB"]
[SourceTitle "EXT 2015"]
[Source "ChessBase"]
[SourceDate "2014.11.20"]
[SourceVersion "1"]
[SourceVersionDate "2014.11.20"]
[SourceQuality "1"]

1. c4 Nf6 2. g3 c6 3. Bg2 d5 4. Qc2 e5 5. d3 Bb4+ 6. Bd2 Bxd2+ 7. Nxd2 0-0 8. Ngf3 Qe7 9. e3 Na6 10. a3 Bf5 11. Nh4 Bg4 12. h3 Bd7 13. 0-0 Rfe8 14. e4 dxe4 15. dxe4 g6 16. b4 c5 17. b5 Nc7 18. Qb2 Nh5 19. Nhf3 f6 20. Nb1 Be6 21. Qe2 Qf7 22. Nfd2 Rad8 23. Nc3 Qd7 24. Nb3 Qd3 25. Qxd3 Rxd3 26. Rfc1 b6 27. Bf1 Rd6 28. Nd5 Nxd5 29. cxd5 Bc8 30. Nd2 f5 31. Bg2 Nf6 32. f3 Nh5 33. Nc4 Rdd8 34. Kh2 f4 35. g4 Ng3 36. Rc2 h5 37. a4 hxg4 38. hxg4 Re7 39. a5 bxa5 40. Rxa5 Rde8 41. Kg1 Rd7 42. Kf2 Ree7 43. b6 axb6 44. Nxb6 Rd8 45. Rcxc5 Nxe4+ 46. fxe4 Bxg4 47. Nc4 f3 48. Bf1 1-0

[Event "Nis Svetosavski op 4th"]
[Site "Nis"]
[Date "2014.02.22"]
[Round "2"]
[White "Perunovic, Miodrag"]
[Black "Mitrovic, Marjan"]
[Result "1-0"]
[WhiteElo "2407"]
[BlackElo "2111"]
[PlyCount "41"]
[EventDate "2014.02.21"]
[EventType "swiss"]
[EventRounds "5"]
[EventCountry "SRB"]
[SourceTitle "CBM 159 Extra"]
[Source "ChessBase"]
[SourceDate "2014.04.24"]
[SourceVersion "1"]
[SourceVersionDate "2014.04.24"]
[SourceQuality "1"]

1. e4 c5 2. Nc3 Nc6 3. f4 g6 4. Nf3 Bg7 5. a3 e6 6. b4 d6 7. bxc5 dxc5 8. Bb2 Nge7 9. e5 0-0 10. Ne4 b6 11. Bd3 Nf5 12. 0-0 h5 13. Nfg5 Ncd4 14. g4 hxg4 15. Qxg4 Bb7 16. Qh3 Re8 17. Rae1 a6 18. c3 Nc6 19. Nf6+ Bxf6 20. Qh7+ Kf8 21. Qxf7# 1-0